000 00536 a2200193 4500
005 20260205123943.0
008 260205b |||||||| |||| 00| 0 eng d
020 _a9788126936373
_cRs. 1195.00
040 _aMAIN
082 _a330.954093
_bB223V
100 _aBanerjee, Rama Prosad
245 _a Vedic economy
260 _bAtlantic Publishers and Distributors
_c2025
_aNew Delhi
300 _axi, 637
650 _aEconomics
650 _aEconomics Conditions- India
650 _aAncient Period- Vedic Period
942 _cBK
999 _c394340
_d394340